Naturforschung im Geiste Alexander von Humboldts
| Titel: | Naturforschung im Geiste Alexander von Humboldts : Alexander Keyserling und die Entwicklung der Erdwissenschaften in Russland |
|---|---|
| Verfasser: | |
| In: |
Baltisches Welterlebnis, (2007), Seite 71-84, Abb. alle Artikel anzeigen |
| Veröffentlicht: | 2007 |
| Format: | Aufsatz |
| Sprache: | Deutsch |
X
alg: 39222444 001A $01999:11-11-16 001B $01999:16-05-21 $t20:25:26.000 001D $01999:11-11-16 001U $0utf8 001X $00 002@ $0Aox 003@ $0392224445 007A $0392224445 $aHEB 007T $0Herdc0043156m 010@ $ager 011@ $a2007 021A $aNaturforschung im Geiste Alexander von Humboldts $dAlexander Keyserling und die Entwicklung der Erdwissenschaften in Russland 028A $aFritscher $dBernhard 031A $h71-84, Abb. $j2007 039B $aIn $8--Aau--. Baltisches Welterlebnis. - Heidelberg : Winter, 2007. - 586 S.. - Ill.. - ISBN 978-3-8253-5376-6 $x200700000000000929 $9190652160 045F $a929.094798 $eDDC23BSB 045F/01 $a929 045F/03 $g4798 lok: 39222444 78 exp: 39222444 78 1 #EPN 201B/01 $020-11-19 $t22:39:24.000 201U/01 $0utf8 203@/01 $078832070X 208@/01 $a11-11-16 $be 209A/01 $a/ $f000 $x00 220C/01 $aTitelaufnehmer: kk;sk 220C/01 $aHerkunft: HI Marburg 244Z/01 $2Trx $#Estija $#Igaunija $#Estland $#Estonia $#Estonia $#Estónsko $#Estonsko $8--Trx--Eesti $x01 $9391237225 244Z/01 $2Trx $8--Trx--Keyserling, Alexander von$Z1815-1891 $x02 $9390983314 244Z/01 $#Humboldt, Alexander von $#Humboldt, Alexander von $#Humboldt, Alexander v. $#Gumbolʹdt, Aleksandr $#Gumbolʹdt, Aleksandr fon $#Humboldt, Alexander de $#Humboldt, Friedrich A. von $#Humboldt, Alexandre von $#Humboldt, Aleksander von $#Humboldt, Alejandro $#Humboldt, Friedrich H. von $#Humboldt, Friedrich Heinrich von $#Humboldt, A. v. $#Humboldtas, Aleksandras $#Humboldt, Friedrich W. von $#Humboldt, Friedrich Alexander von $#Humboldt, F. A. von $#Humboldt, Alexandrus de $#Humboldt, Fridericus Alexandrus ab $#Humboldt, Fréderic-Alexandre de $#Funboruto, Arekusandā fon $#Humboldt, Alexander $#Humboldt, Friedrich Heinrich Alexander von $#Humboldt, Alexandre de $#Humboldt, Alejandro de $#Humboldt, Alejandro von $#Humboldt, Alessandro di $#Humboldt, Friedrich Wilhelm Heinrich Alexander von $#Humboldt, Alexander von $#Humboldt, Friedrich A. von $#Humboldt, Friedrich H. von $#Humboldt, Fridericus A. ab $#Humboldt, Alex. de $#Humboldt, Alexander v. $#Humboldt, Friedr. Alexander von $#Humboldt, Al. von $#Humboldt, A. von $#Humboldt, Al. de $#Humboldt, A. de $#Humboldt, Alexander von $#Humboldt, Alejandro $#Humboldt, Alexander de $#Humboldt, Alex. von $#Гумбольдт, Александр фон $7118554700 $8--Tp1--Humboldt, Alexander$cvon$Z1769-1859 $x03 $9086895737 244Z/01 $2Trx $8--Trx--Krusenstern, Paul Theodor von$Z1809-1881 $x04 $9390979007 244Z/01 $2Trx $#loodusteadlased $#gamtininkai $#scientists $#természettudós $#przyrodnicy $#prírodovedci $#přírodovědci $8--Trx--Naturwissenschaftler $x05 $9391374435 244Z/01 $2Trx $#looduteadused $#gamtos mokslai $#Natural sciences $#természettudományok $#nauki przyrodnicze $#vedy, prírodné $#vědy přírodní $8--Trx--Naturwissenschaften $x06 $9391356399 244Z/01 $2Trx $#ekspeditsioonid $#ekspedicijos $#Expeditions $#expediciók felfedezö utak $#ekspedycje $#expedície $#expedice $8--Trx--Expeditionen $x07 $9391372173 244Z/01 $2Trx $#geoloogia $#geologija $#Geology $#geológia $#geologia $#geológia $#geologie $8--Trx--Geologie $x08 $9391354973 244Z/01 $2Trx $8--Trx--Einzelbeiträge $x09 $9391384570 245Z/01 $a12.03 $x01 247C/01 $82080>Marburg/Lahn, Herder-Institut, Forschungsbibliothek, Bibliographieportal $9336309341
| LEADER | 00000caa a22000002c 4500 | ||
|---|---|---|---|
| 001 | 392224445 | ||
| 003 | DE-603 | ||
| 005 | 20210516202526.0 | ||
| 007 | tu | ||
| 008 | 161111s2007 xx |||| | u00||u|ger c | ||
| 035 | |a (DE-599)HEB392224445 | ||
| 040 | |a DE-603 |b ger |c DE-603 |d DE-603 | ||
| 041 | |a ger | ||
| 082 | 0 | 4 | |8 1\u |a 929.094798 |q DE-101 |2 23/BSB |
| 085 | |8 1\u |b 929 | ||
| 085 | |8 1\u |z 2 |s 4798 | ||
| 100 | 1 | |a Fritscher, Bernhard | |
| 245 | 0 | 0 | |a Naturforschung im Geiste Alexander von Humboldts |b Alexander Keyserling und die Entwicklung der Erdwissenschaften in Russland |
| 264 | 0 | |c 2007 | |
| 773 | 0 | 8 | |i In |t Baltisches Welterlebnis |d Heidelberg : Winter, 2007 |h 586 S., Ill. |z 9783825353766 |z 3825353761 |g (2007), Seite 71-84, Abb. |w (DE-603)190652160 |
| 924 | 0 | |9 2080 |a (DE-603)78832070X |b DE-2080 |c HES |d d |g / | |


